Statistics for Top 20 most downloadet mobilegames

Click here to take the quiz!

General Stats

  • This quiz has been taken 9 times
  • The average score is 4 of 20

Answer Stats

Player countAnswer% Correct
500 milClash Of Clans
89%
500 milCall Of Duty: Mobile
56%
500 milCandy Crush Saga
44%
500 milFruit Ninja
44%
3000 milSubway Surfers
44%
1270 milPUBG mobile
33%
1000 milPokemon Go
22%
485 milAmong us
11%
300 milDragon Ball Z: Dokkan battle
11%
1000 milMobile Legends: Bang Bang
11%
230 milAngry Birds 2
0%
324 milGardenscapes
0%
1000 milGarena Free Fire
0%
334 milHelix Jump
0%
312 milHomescapes
0%
250 milKnives Out
0%
400 milMini World
0%
350 milSonic Dash
0%
300 milSuper Mario Run
0%
274 milTownship
0%

Score Distribution

Percentile by Number Answered

Percent of People with Each Score

Your Score History

You have not taken this quiz